| 000 | 00744nam a2200205 i 4500 | ||
|---|---|---|---|
| 001 | 161314 | ||
| 003 | ES-MaACL | ||
| 005 | 20250820042742.0 | ||
| 008 | 940301s1886 sp |||| | spa d | ||
| 100 | 1 |
_aPalma, Luis de la. _988612 |
|
| 245 | 1 | 0 |
_aHistoria de la Sagrada Pasión sacada de los cuatro Evangelios / _cpor Luis de Palma... |
| 250 | _a8ª ed., corr. y aumentada. | ||
| 260 |
_aMadrid : _b[s.n.], _c1886 ( _fImp. de Aguado) |
||
| 300 |
_a316 p. ; _c19 cm. |
||
| 530 | _aDisponible en formato digital. | ||
| 600 | 0 | 4 |
_aJesucristo- _xPasión _966375 |
| 852 |
_aES-MaACL _jG-10512 _z- Enc. tela |
||
| 856 |
_uhttp://bdh-rd.bne.es/viewer.vm?id=0000217312&page=1 _zBiblioteca Digital Hispánica |
||
| 999 |
_c161314 _d161314 |
||